[Event "2. BUNDESLIGA MITTE 2019/2020"]
[Site "Linz"]
[Date "2019.10.11"]
[Round "1"]
[Board "1"]
[White "Perunovic, Milos"]
[Black "Mostbauer, Maximilian"]
[Result "1-0"]
[WhiteElo "2578"]
[BlackElo "2225"]
[PlyCount "37"]
[EventDate "2019.10.11"]
[EventType "team"]
[EventRounds "11"]
[EventCountry "AUT"]
[WhiteTeam "SC Pinggau-Friedberg"]
[BlackTeam "SPG Nettingsdorf/Traun"]

1. e4 e6 2. d4 d5 3. Nc3 Nf6 4. Bg5 Be7 5. e5 Nfd7 6. Bxe7 Qxe7 7. f4 a6 8. Qg4
g6 9. Nf3 c5 10. Bd3 Nc6 11. dxc5 Qxc5 12. O-O-O b5 13. h4 Bb7 14. h5 gxh5 15.
Qxh5 b4 16. Ng5 Qe3+ 17. Kb1 bxc3 18. Qxf7+ Kd8 19. Rxh7  1-0

[Event "2. BUNDESLIGA MITTE 2019/2020"]
[Site "Linz"]
[Date "2019.10.11"]
[Round "1"]
[Board "2"]
[White "Gelbenegger, Patrick"]
[Black "Ftacnik, Lubomir"]
[Result "1/2-1/2"]
[WhiteElo "2259"]
[BlackElo "2521"]
[PlyCount "55"]
[EventDate "2019.10.11"]
[EventType "team"]
[EventRounds "11"]
[EventCountry "AUT"]
[WhiteTeam "SPG Nettingsdorf/Traun"]
[BlackTeam "SC Pinggau-Friedberg"]

1. e4 c5 2. Nf3 d6 3. d4 cxd4 4. Nxd4 Nf6 5. Nc3 a6 6. Be2 e6 7. O-O Be7 8. f4
Qc7 9. Kh1 O-O 10. Qe1 Nc6 11. Be3 Bd7 12. Qg3 b5 13. a3 Nxd4 14. Bxd4 Bc6 15.
Rae1 Rad8 16. Bd3 Qb7 17. Qh3 g6 18. f5 e5 19. Be3 Kh8 20. Bg5 gxf5 21. Bxf6+
Bxf6 22. Qxf5 Bg7 23. Nd5 Qd7 24. Qf3 Qe6 25. Nc7 Qc8 26. Nd5 Qe6 27. Nc7 Qc8
28. Nd5  1/2-1/2

[Event "2. BUNDESLIGA MITTE 2019/2020"]
[Site "Linz"]
[Date "2019.10.11"]
[Round "1"]
[Board "3"]
[White "Milanovic, Danilo"]
[Black "Gaertner, Markus"]
[Result "1-0"]
[WhiteElo "2455"]
[BlackElo "2139"]
[PlyCount "109"]
[EventDate "2019.10.11"]
[EventType "team"]
[EventRounds "11"]
[EventCountry "AUT"]
[WhiteTeam "SC Pinggau-Friedberg"]
[BlackTeam "SPG Nettingsdorf/Traun"]

1. d4 d5 2. c4 c6 3. Nc3 Nf6 4. e3 e6 5. Bd2 Nbd7 6. Rc1 Bd6 7. cxd5 exd5 8.
Bd3 O-O 9. Nge2 Re8 10. f3 Nh5 11. g3 Nf8 12. O-O Ne6 13. Kg2 Ng5 14. Ng1 Ne6
15. Nh3 Nf6 16. Ne2 c5 17. Be1 cxd4 18. exd4 Bd7 19. Qb3 Rc8 20. Bf2 Bc6 21.
Nc3 a6 22. Rfe1 h5 23. Qd1 h4 24. Ne2 Nh5 25. Qd2 Bc7 26. Bxa6 bxa6 27. Rxc6
Ba5 28. Rxc8 Bxd2 29. Rxd8 Nxd8 30. Rd1 Rxe2 31. Ng1 Rxf2+ 32. Kxf2 hxg3+ 33.
hxg3 Ba5 34. Rc1 Bb6 35. Ne2 Kf8 36. b4 Ke7 37. Rc8 a5 38. bxa5 Bxa5 39. Rc5
Bb6 40. Rxd5 g6 41. Rb5 Bc7 42. g4 Ng7 43. Ke3 Kd6 44. Nc3 Nge6 45. d5 Nc5 46.
Nd1 Ne4 47. fxe4 Kd7 48. a4 Bh2 49. a5 f6 50. Rb1 Bd6 51. a6 Bc5+ 52. Kf4 Ba7
53. g5 Ke7 54. gxf6+ Kxf6 55. e5+  1-0

[Event "2. BUNDESLIGA MITTE 2019/2020"]
[Site "Linz"]
[Date "2019.10.11"]
[Round "1"]
[Board "4"]
[White "Poell, Markus"]
[Black "Schnider, Gert"]
[Result "0-1"]
[WhiteElo "2121"]
[BlackElo "2423"]
[PlyCount "60"]
[EventDate "2019.10.11"]
[EventType "team"]
[EventRounds "11"]
[EventCountry "AUT"]
[WhiteTeam "SPG Nettingsdorf/Traun"]
[BlackTeam "SC Pinggau-Friedberg"]

1. d4 Nf6 2. Bf4 g6 3. e3 Bg7 4. Be2 d6 5. Nf3 O-O 6. O-O Nh5 7. Bg5 h6 8. Bh4
g5 9. Nfd2 gxh4 10. Bxh5 e5 11. c3 Nc6 12. Na3 Qe7 13. Be2 f5 14. Bc4+ Kh8 15.
f4 e4 16. g3 Bd7 17. Qh5 Be8 18. Qxh4 Qxh4 19. gxh4 Bf6 20. b4 Bxh4 21. Kg2 Ne7
22. Nb5 Bxb5 23. Bxb5 Nd5 24. Kh3 Be7 25. Rae1 Nxc3 26. Bd7 c6 27. Rc1 Nd5 28.
Nc4 Rad8 29. Be6 Nc7 30. d5 Bf6  0-1

[Event "2. BUNDESLIGA MITTE 2019/2020"]
[Site "Linz"]
[Date "2019.10.11"]
[Round "1"]
[Board "5"]
[White "Danner, Georg"]
[Black "Charaus, Florian"]
[Result "1-0"]
[WhiteElo "2310"]
[BlackElo "2039"]
[PlyCount "93"]
[EventDate "2019.10.11"]
[EventType "team"]
[EventRounds "11"]
[EventCountry "AUT"]
[WhiteTeam "SC Pinggau-Friedberg"]
[BlackTeam "SPG Nettingsdorf/Traun"]

1. d4 Nf6 2. c4 e6 3. Nf3 Bb4+ 4. Nbd2 O-O 5. e3 b6 6. Bd3 Bb7 7. O-O d5 8. a3
Be7 9. b4 dxc4 10. Nxc4 Nbd7 11. Bb2 c5 12. dxc5 bxc5 13. b5 a6 14. bxa6 Bxa6
15. Qc2 Qc8 16. Rfd1 Bxc4 17. Bxc4 Nb6 18. Bb5 Qb7 19. Ne5 Rfc8 20. a4 Nbd5 21.
Nc4 Nc7 22. Rab1 Nfd5 23. Qb3 Nxb5 24. axb5 Nb6 25. Nd6 Bxd6 26. Rxd6 Nd5 27.
Qc4 Qe7 28. Qg4 g6 29. Be5 Rab8 30. h4 Nc3 31. Ra1 h5 32. Qc4 Nxb5 33. Rda6 Nc7
34. Rc6 Nd5 35. Rca6 Rb4 36. Qe2 Qxh4 37. Ra8 Qd8 38. R8a7 c4 39. e4 Nb6 40.
Qf3 Nd7 41. Rxd7 Qxd7 42. Qf6 Kf8 43. Bf4 Ke8 44. Qh8+ Ke7 45. Bg5+ Kd6 46.
Qd4+ Kc6 47. Ra6+  1-0

[Event "2. BUNDESLIGA MITTE 2019/2020"]
[Site "Linz"]
[Date "2019.10.11"]
[Round "1"]
[Board "6"]
[White "Kepplinger, Lukas"]
[Black "Steiner, Peter"]
[Result "1-0"]
[WhiteElo "2021"]
[BlackElo "1949"]
[PlyCount "55"]
[EventDate "2019.10.11"]
[EventType "team"]
[EventRounds "11"]
[EventCountry "AUT"]
[WhiteTeam "SPG Nettingsdorf/Traun"]
[BlackTeam "SC Pinggau-Friedberg"]

1. d4 Nf6 2. Bg5 g6 3. Bxf6 exf6 4. Nf3 Bg7 5. e3 f5 6. c4 d6 7. Nc3 Nd7 8. Bd3
Nf6 9. O-O O-O 10. Rc1 c5 11. Qc2 Bd7 12. Rfd1 Re8 13. e4 fxe4 14. Nxe4 Nxe4
15. Bxe4 Qc7 16. Qd3 Bc6 17. Bd5 Re7 18. Rc2 Rae8 19. dxc5 dxc5 20. g3 b6 21.
b3 Bd7 22. Qd2 Bf5 23. Rcc1 Re2 24. Re1 Qe7 25. Rxe2 Qxe2 26. Re1 Qxe1+ 27.
Nxe1 Bh3 28. Nf3  1-0

[Event "2. BUNDESLIGA MITTE 2019/2020"]
[Site "Linz"]
[Date "2019.10.11"]
[Round "1"]
[Board "1"]
[White "Sandhoefner, Florian"]
[Black "Haba, Petr"]
[Result "0-1"]
[WhiteElo "2323"]
[BlackElo "2470"]
[PlyCount "126"]
[EventDate "2019.10.11"]
[EventType "team"]
[EventRounds "11"]
[EventCountry "AUT"]
[WhiteTeam "ASK St. Valentin"]
[BlackTeam "SPG Sparkasse SEDDA Grieskirchen/Schalle"]

1. d4 d5 2. Nf3 Nf6 3. Bf4 c5 4. c3 cxd4 5. cxd4 Nc6 6. Nc3 Bf5 7. e3 e6 8. Bd3
Bxd3 9. Qxd3 Be7 10. h3 O-O 11. O-O Nd7 12. Rfc1 Rc8 13. a3 Na5 14. Nd2 Nb6 15.
Rc2 Qd7 16. Rac1 a6 17. Ncb1 Rxc2 18. Rxc2 Rc8 19. Rxc8+ Qxc8 20. Nc3 Nbc4 21.
Nxc4 Qxc4 22. Qxc4 Nxc4 23. Nd1 f6 24. Kf1 b5 25. Ke2 Kf7 26. Kd3 e5 27. Bg3
Ke6 28. Kc2 Bd8 29. dxe5 fxe5 30. Nc3 d4 31. exd4 exd4 32. Ne2 d3+ 33. Kxd3
Nxb2+ 34. Kc3 Bf6+ 35. Kb4 Kd5 36. Nf4+ Kc6 37. Ne6 Nd3+ 38. Kb3 Nc5+ 39. Nxc5
Kxc5 40. Bf4 Kd4 41. Kc2 Kc4 42. Bd2 Be7 43. Bc1 g6 44. Bb2 Bc5 45. f4 Bd6 46.
g3 a5 47. Bc3 b4 48. axb4 axb4 49. Bf6 Bc5 50. g4 Bd4 51. Bg5 b3+ 52. Kb1 Kd5
53. h4 h5 54. gxh5 gxh5 55. Kc1 Ke4 56. Kd2 Kf5 57. Kd3 Kg4 58. Bd8 Kxf4 59.
Be7 Kg4 60. Bd8 Bf2 61. Kc3 Bxh4 62. Bb6 Be1+ 63. Kxb3 h4  0-1

[Event "2. BUNDESLIGA MITTE 2019/2020"]
[Site "Linz"]
[Date "2019.10.11"]
[Round "1"]
[Board "2"]
[White "Kilgus, Georg"]
[Black "Hajnal, Zoltan"]
[Result "1-0"]
[WhiteElo "2438"]
[BlackElo "2386"]
[PlyCount "83"]
[EventDate "2019.10.11"]
[EventType "team"]
[EventRounds "11"]
[EventCountry "AUT"]
[WhiteTeam "SPG Sparkasse SEDDA Grieskirchen/Schalle"]
[BlackTeam "ASK St. Valentin"]

1. d4 d5 2. c4 c6 3. Nf3 Nf6 4. e3 Bf5 5. Nc3 e6 6. Nh4 Be4 7. f3 Bg6 8. Qb3
Qc7 9. Bd2 Be7 10. O-O-O dxc4 11. Bxc4 a6 12. Be2 b5 13. Nxg6 hxg6 14. f4 Nbd7
15. Bf3 Rd8 16. Kb1 Nb6 17. Bc1 O-O 18. e4 c5 19. dxc5 Qxc5 20. e5 Nfd5 21.
Nxd5 exd5 22. h4 Rfe8 23. h5 gxh5 24. f5 Qc4 25. Bxh5 Qe4+ 26. Ka1 Qxe5 27. Qh3
Bf6 28. Bg4 Kf8 29. Rde1 Qxe1 30. Qh8+ Ke7 31. Rxe1+ Kd7 32. Rxe8 Rxe8 33. Qh1
Na4 34. Bd1 Nc5 35. g4 Kd6 36. Kb1 Nd3 37. Bb3 Re5 38. Bd2 Re4 39. g5 Bxg5 40.
Qh2+ Bf4 41. Bxf4+ Nxf4 42. Qh8  1-0

[Event "2. BUNDESLIGA MITTE 2019/2020"]
[Site "Linz"]
[Date "2019.10.11"]
[Round "1"]
[Board "3"]
[White "Breneis, Lukas"]
[Black "Schwabeneder, Florian"]
[Result "1/2-1/2"]
[WhiteElo "2240"]
[BlackElo "2401"]
[PlyCount "62"]
[EventDate "2019.10.11"]
[EventType "team"]
[EventRounds "11"]
[EventCountry "AUT"]
[WhiteTeam "ASK St. Valentin"]
[BlackTeam "SPG Sparkasse SEDDA Grieskirchen/Schalle"]

1. e4 c5 2. d3 Nc6 3. f4 g6 4. Nf3 Bg7 5. Be2 d6 6. O-O Nf6 7. Nbd2 O-O 8. c3
b5 9. Qe1 b4 10. c4 Ng4 11. Bd1 f5 12. h3 Nh6 13. Ba4 Nd4 14. Nxd4 Bxd4+ 15.
Kh1 Bd7 16. Bxd7 Qxd7 17. e5 e6 18. Nf3 dxe5 19. Nxe5 Qd6 20. Qe2 Nf7 21. Nf3
Bf6 22. Be3 Rfe8 23. Rad1 Bd4 24. Bxd4 cxd4 25. Ne5 Nxe5 26. fxe5 Qc5 27. Rde1
Rad8 28. Rf4 Rf8 29. h4 Rf7 30. Qf2 Rdd7 31. Qf3 a5  1/2-1/2

[Event "2. BUNDESLIGA MITTE 2019/2020"]
[Site "Linz"]
[Date "2019.10.11"]
[Round "1"]
[Board "4"]
[White "Webersberger, Johann"]
[Black "Heimberger, Reinhard"]
[Result "1-0"]
[WhiteElo "2367"]
[BlackElo "2238"]
[PlyCount "73"]
[EventDate "2019.10.11"]
[EventType "team"]
[EventRounds "11"]
[EventCountry "AUT"]
[WhiteTeam "SPG Sparkasse SEDDA Grieskirchen/Schalle"]
[BlackTeam "ASK St. Valentin"]

1. d4 d5 2. Nf3 Nf6 3. c4 c6 4. e3 g6 5. Nc3 Bg7 6. Be2 O-O 7. O-O Ne4 8. Qb3
dxc4 9. Bxc4 Nd6 10. Be2 Be6 11. Qc2 a5 12. e4 Na6 13. a3 Qb6 14. Be3 Nc4 15.
Bxc4 Bxc4 16. Rfe1 Bb3 17. Qc1 Qd8 18. Bh6 Nc7 19. Qe3 Qd7 20. Bxg7 Kxg7 21.
Ne2 a4 22. h4 Rad8 23. h5 Nb5 24. Rac1 Nd6 25. Ne5 Qe8 26. hxg6 hxg6 27. Nf4
Rh8 28. d5 cxd5 29. exd5 Nf5 30. Qc3 Kg8 31. Qc7 g5 32. Nh3 Nd6 33. Ng4 Kf8 34.
Nf6 Nb5 35. Nxe8 Nxc7 36. Nxc7 Bxd5 37. Rcd1  1-0

[Event "2. BUNDESLIGA MITTE 2019/2020"]
[Site "Linz"]
[Date "2019.10.11"]
[Round "1"]
[Board "5"]
[White "Tober, Gerhard"]
[Black "Singer, Christoph"]
[Result "0-1"]
[WhiteElo "2197"]
[BlackElo "2338"]
[PlyCount "84"]
[EventDate "2019.10.11"]
[EventType "team"]
[EventRounds "11"]
[EventCountry "AUT"]
[WhiteTeam "ASK St. Valentin"]
[BlackTeam "SPG Sparkasse SEDDA Grieskirchen/Schalle"]

1. e4 e5 2. Nf3 Nc6 3. Nc3 Nf6 4. d4 Bb4 5. Nxe5 Qe7 6. Nxc6 Qxe4+ 7. Be2 dxc6
8. O-O Bxc3 9. bxc3 O-O 10. Re1 Re8 11. Bd2 Qg6 12. Bd3 Rxe1+ 13. Bxe1 Bf5 14.
Qf3 Be4 15. Qg3 Qxg3 16. hxg3 Rd8 17. Rd1 Bxd3 18. cxd3 Rd5 19. Rb1 b6 20. Kf1
Ra5 21. Rb2 Ra3 22. Bd2 Kf8 23. Rc2 Ke8 24. Bc1 Ra5 25. c4 Kd7 26. f3 h5 27.
Ke2 Ne8 28. Bd2 Ra4 29. Bc1 Nd6 30. g4 hxg4 31. fxg4 b5 32. c5 Ne8 33. Be3 Nf6
34. g5 Nd5 35. Bc1 Nb4 36. Rc3 Nxa2 37. Rc2 Nxc1+ 38. Rxc1 Rxd4 39. Rf1 Ke6 40.
Ra1 a5 41. Ke3 Rd5 42. Rxa5 Rxg5  0-1

[Event "2. BUNDESLIGA MITTE 2019/2020"]
[Site "Linz"]
[Date "2019.10.11"]
[Round "1"]
[Board "6"]
[White "Salvenmoser, Stefan"]
[Black "Kranzl, Peter"]
[Result "1/2-1/2"]
[WhiteElo "2275"]
[BlackElo "2155"]
[PlyCount "60"]
[EventDate "2019.10.11"]
[EventType "team"]
[EventRounds "11"]
[EventCountry "AUT"]
[WhiteTeam "SPG Sparkasse SEDDA Grieskirchen/Schalle"]
[BlackTeam "ASK St. Valentin"]

1. e4 c6 2. Nc3 d5 3. Nf3 Bg4 4. h3 Bxf3 5. Qxf3 e6 6. d4 Nf6 7. Bg5 Be7 8. e5
Nfd7 9. Bxe7 Qxe7 10. Qg3 g6 11. O-O-O a6 12. Be2 c5 13. dxc5 Qxc5 14. f4 Nc6
15. Rhe1 O-O-O 16. Kb1 Nb6 17. h4 h5 18. Bd3 Kb8 19. Ne2 Rc8 20. Nc1 Na5 21.
Qe3 Qxe3 22. Rxe3 Nc6 23. Ne2 Rc7 24. Ng1 Nd7 25. c3 Nc5 26. Bc2 b5 27. a3 Nd7
28. Nf3 Nb6 29. Re2 Kb7 30. Rg1 Nc8  1/2-1/2

[Event "2. BUNDESLIGA MITTE 2019/2020"]
[Site "Linz"]
[Date "2019.10.11"]
[Round "1"]
[Board "1"]
[White "Nagy, Gabor"]
[Black "Horvath, Adam"]
[Result "1/2-1/2"]
[WhiteElo "2489"]
[BlackElo "2487"]
[PlyCount "63"]
[EventDate "2019.10.11"]
[EventType "team"]
[EventRounds "11"]
[EventCountry "AUT"]
[WhiteTeam "SPG Fuerstenfeld/Hartberg 2"]
[BlackTeam "EJ Gleisdorf"]

1. c4 e5 2. Nc3 Nf6 3. Nf3 Nc6 4. e3 Bb4 5. Qc2 Bxc3 6. Qxc3 Qe7 7. Be2 d5 8.
d4 exd4 9. Nxd4 Nxd4 10. Qxd4 c5 11. Qh4 dxc4 12. Bxc4 O-O 13. O-O Be6 14. b3
Rad8 15. Bb2 Rd2 16. Bc3 Bxc4 17. Qxc4 Ne4 18. Bxd2 Nxd2 19. Qc2 Nxf1 20. Rxf1
Rd8 21. Rd1 Rxd1+ 22. Qxd1 g6 23. Qd5 b6 24. g3 Kg7 25. Kg2 h5 26. h4 Qf6 27.
Qd7 Qe5 28. Qxa7 Qd5+ 29. Kh2 Qf3 30. Kg1 Qd1+ 31. Kg2 Qd5+ 32. Kg1  1/2-1/2

[Event "2. BUNDESLIGA MITTE 2019/2020"]
[Site "Linz"]
[Date "2019.10.11"]
[Round "1"]
[Board "2"]
[White "Heinemann, Thies"]
[Black "Pilaj, Herwig"]
[Result "1-0"]
[WhiteElo "2501"]
[BlackElo "2325"]
[PlyCount "75"]
[EventDate "2019.10.11"]
[EventType "team"]
[EventRounds "11"]
[EventCountry "AUT"]
[WhiteTeam "EJ Gleisdorf"]
[BlackTeam "SPG Fuerstenfeld/Hartberg 2"]

1. e4 c5 2. Nf3 Nc6 3. Bb5 g6 4. Bxc6 bxc6 5. O-O Bg7 6. Re1 Nh6 7. c3 O-O 8.
h3 f6 9. d4 cxd4 10. cxd4 d6 11. Bd2 Nf7 12. Qc2 Bd7 13. Na3 d5 14. Bb4 Re8 15.
Rad1 Qb8 16. Qc3 e6 17. Nc2 Qb7 18. Bc5 e5 19. dxe5 fxe5 20. b3 d4 21. Qa5 Re6
22. Na3 Rf6 23. Rd3 Be6 24. Re2 h5 25. Ne1 Rf4 26. Rg3 g5 27. Nd3 h4 28. Nxf4
exf4 29. Rd3 f3 30. Red2 fxg2 31. Bxd4 c5 32. Bxg7 Kxg7 33. Qc3+ Kg6 34. Rf3
Qxe4 35. Qf6+ Kh5 36. Re3 Qf5 37. Qxe6 Qxe6 38. Rxe6  1-0

[Event "2. BUNDESLIGA MITTE 2019/2020"]
[Site "Linz"]
[Date "2019.10.11"]
[Round "1"]
[Board "3"]
[White "Csonka, Attila"]
[Black "Frosch, Ronald"]
[Result "1-0"]
[WhiteElo "2348"]
[BlackElo "2261"]
[PlyCount "65"]
[EventDate "2019.10.11"]
[EventType "team"]
[EventRounds "11"]
[EventCountry "AUT"]
[WhiteTeam "SPG Fuerstenfeld/Hartberg 2"]
[BlackTeam "EJ Gleisdorf"]

1. e4 c6 2. d4 d5 3. Nc3 dxe4 4. Nxe4 Bf5 5. Ng3 Bg6 6. Nh3 e6 7. Nf4 Bd6 8. c3
Qc7 9. Qf3 Nf6 10. h4 O-O 11. h5 Bf5 12. Nxf5 exf5 13. Be3 Re8 14. O-O-O Ne4
15. Bd3 Qa5 16. Ne2 Nd7 17. g4 fxg4 18. Qxg4 Ndf6 19. Qg2 Qxa2 20. Rdg1 g6 21.
hxg6 fxg6 22. Rxh7 Ng3 23. Nxg3 Nxh7 24. Bxg6 Rxe3 25. Bxh7+ Kxh7 26. Qh3+ Kg8
27. Nf5+ Rg3 28. Rxg3+ Bxg3 29. Qxg3+ Kf7 30. Qg7+ Ke6 31. Qg6+ Kd7 32. Qd6+
Kc8 33. Ne7#  1-0

[Event "2. BUNDESLIGA MITTE 2019/2020"]
[Site "Linz"]
[Date "2019.10.11"]
[Round "1"]
[Board "4"]
[White "Wanderer, Thomas"]
[Black "Kiss, Attila"]
[Result "0-1"]
[WhiteElo "2229"]
[BlackElo "2335"]
[PlyCount "54"]
[EventDate "2019.10.11"]
[EventType "team"]
[EventRounds "11"]
[EventCountry "AUT"]
[WhiteTeam "EJ Gleisdorf"]
[BlackTeam "SPG Fuerstenfeld/Hartberg 2"]

1. Nf3 d5 2. c4 d4 3. e3 Nc6 4. b4 dxe3 5. fxe3 Nxb4 6. Qa4+ Nc6 7. d4 e6 8.
Bd2 Nf6 9. Bd3 Be7 10. O-O O-O 11. Nc3 Nb4 12. Bb1 c5 13. Ne4 Nc6 14. Bc3 Ng4
15. Re1 f5 16. Nxc5 Bxc5 17. dxc5 Qe7 18. h3 Nf6 19. Nd4 Bd7 20. Qb3 Qxc5 21.
Bd3 b6 22. Be2 Rad8 23. Bb2 Rfe8 24. Ba3 Nxd4 25. exd4 Qxd4+ 26. Kh1 Bc6 27.
Bf3 Bxf3  0-1

[Event "2. BUNDESLIGA MITTE 2019/2020"]
[Site "Linz"]
[Date "2019.10.11"]
[Round "1"]
[Board "5"]
[White "Kuba, Guenter"]
[Black "Frosch, Erich"]
[Result "1/2-1/2"]
[WhiteElo "2338"]
[BlackElo "2188"]
[PlyCount "61"]
[EventDate "2019.10.11"]
[EventType "team"]
[EventRounds "11"]
[EventCountry "AUT"]
[WhiteTeam "SPG Fuerstenfeld/Hartberg 2"]
[BlackTeam "EJ Gleisdorf"]

1. e4 e5 2. Nf3 Nc6 3. Bc4 Be7 4. O-O Nf6 5. d3 O-O 6. Re1 d6 7. a4 Bg4 8. h3
Be6 9. Nbd2 Qd7 10. a5 a6 11. c3 Kh8 12. b4 Nd8 13. Ra2 g6 14. d4 exd4 15. Nxd4
d5 16. exd5 Bxd5 17. Qb3 Ne6 18. N2f3 Nxd4 19. Nxd4 Bxc4 20. Qxc4 Nd5 21. Bh6
Rfd8 22. Rae2 Bf6 23. Re4 c6 24. R1e2 Re8 25. Qd3 Rxe4 26. Rxe4 Re8 27. Rxe8+
Qxe8 28. Bd2 Qe7 29. Nf3 Kg7 30. g3 h6 31. Kh2  1/2-1/2

[Event "2. BUNDESLIGA MITTE 2019/2020"]
[Site "Linz"]
[Date "2019.10.11"]
[Round "1"]
[Board "6"]
[White "Wegerer, Fred"]
[Black "Stradner, Stefan"]
[Result "1-0"]
[WhiteElo "2166"]
[BlackElo "2125"]
[PlyCount "59"]
[EventDate "2019.10.11"]
[EventType "team"]
[EventRounds "11"]
[EventCountry "AUT"]
[WhiteTeam "EJ Gleisdorf"]
[BlackTeam "SPG Fuerstenfeld/Hartberg 2"]

1. c4 Nf6 2. Nc3 g6 3. g3 Bg7 4. Bg2 O-O 5. d4 d6 6. Nf3 Nc6 7. O-O a6 8. Bg5
h6 9. Bd2 Rb8 10. d5 Na5 11. b3 c5 12. a4 Bf5 13. Ra3 Ne4 14. Nxe4 Bxe4 15. Qe1
b6 16. Qc1 h5 17. Bh3 Bxf3 18. exf3 f5 19. Re1 Qd7 20. Bg5 Rbe8 21. Re6 Bf6 22.
g4 fxg4 23. fxg4 h4 24. Be3 Nb7 25. g5 Bg7 26. Qc2 Rf3 27. Bg4 Ref8 28. Qxg6
Nd8 29. Qe4 R3f7 30. g6  1-0

[Event "2. BUNDESLIGA MITTE 2019/2020"]
[Site "Linz"]
[Date "2019.10.11"]
[Round "1"]
[Board "1"]
[White "Leisch, Lukas"]
[Black "Csonka, Balazs"]
[Result "1/2-1/2"]
[WhiteElo "2340"]
[BlackElo "2481"]
[PlyCount "84"]
[EventDate "2019.10.11"]
[EventType "team"]
[EventRounds "11"]
[EventCountry "AUT"]
[WhiteTeam "SPG Freistadt/Wartberg"]
[BlackTeam "Schachfreunde Graz"]

1. c4 c6 2. Nf3 d5 3. e3 Nf6 4. Nc3 Nbd7 5. Qc2 e5 6. cxd5 Nxd5 7. d4 Bd6 8.
Bd2 Qe7 9. Nxd5 cxd5 10. dxe5 Nxe5 11. Nxe5 Bxe5 12. Bb5+ Bd7 13. Qa4 a6 14.
Bxd7+ Qxd7 15. Qxd7+ Kxd7 16. O-O-O f5 17. Kb1 Ke6 18. Ba5 Rhc8 19. Rd3 Rc5 20.
Bb6 Rc6 21. Bd4 Bxd4 22. Rxd4 Rac8 23. Rhd1 Rc2 24. R4d2 Rxd2 25. Rxd2 Ke5 26.
Rd4 Rc4 27. f4+ Kd6 28. Rd3 Kc5 29. b3 Re4 30. Rc3+ Kd6 31. g3 b5 32. Kc2 b4
33. Rd3 Kc5 34. Kd2 h5 35. Ke2 d4 36. Kd2 a5 37. exd4+ Kd5 38. Re3 Kxd4 39.
Rd3+ Kc5 40. Re3 Kd4 41. Rd3+ Kc5 42. Re3 Kd4  1/2-1/2

[Event "2. BUNDESLIGA MITTE 2019/2020"]
[Site "Linz"]
[Date "2019.10.11"]
[Round "1"]
[Board "2"]
[White "Gajek, Radoslaw"]
[Black "Ly, Dominik"]
[Result "1-0"]
[WhiteElo "2422"]
[BlackElo "2228"]
[PlyCount "77"]
[EventDate "2019.10.11"]
[EventType "team"]
[EventRounds "11"]
[EventCountry "AUT"]
[WhiteTeam "Schachfreunde Graz"]
[BlackTeam "SPG Freistadt/Wartberg"]

1. Nf3 d5 2. g3 Nf6 3. Bg2 e6 4. O-O Be7 5. d4 O-O 6. c4 c6 7. Nbd2 b6 8. Qc2
Na6 9. a3 c5 10. dxc5 bxc5 11. e4 Bb7 12. cxd5 exd5 13. exd5 Bxd5 14. Nc4 Qc8
15. Re1 Re8 16. Bg5 Qb7 17. Re3 h6 18. Rb3 Qd7 19. Nfe5 Qd6 20. Bxf6 Bxf6 21.
Bxd5 Qxd5 22. Rd1 Qe6 23. Rd6 Qh3 24. g4 Qh4 25. Qf5 Nc7 26. Rb7 Ne6 27. Rxf7
Nd4 28. Rxd4 cxd4 29. Nf3 Qh3 30. Rxf6 gxf6 31. Qg6+ Kh8 32. Qxf6+ Kh7 33. Qf7+
Kh8 34. Nfe5 Rg8 35. Qf6+ Rg7 36. Nd6 Rag8 37. Ndf7+ Kh7 38. Qf5+ Rg6 39. Nxg6
 1-0

[Event "2. BUNDESLIGA MITTE 2019/2020"]
[Site "Linz"]
[Date "2019.10.11"]
[Round "1"]
[Board "3"]
[White "Mayerhofer, Peter"]
[Black "Kravanja, Georg"]
[Result "0-1"]
[WhiteElo "2174"]
[BlackElo "2282"]
[PlyCount "108"]
[EventDate "2019.10.11"]
[EventType "team"]
[EventRounds "11"]
[EventCountry "AUT"]
[WhiteTeam "SPG Freistadt/Wartberg"]
[BlackTeam "Schachfreunde Graz"]

1. e4 c6 2. d4 d5 3. exd5 cxd5 4. c4 Nf6 5. Nc3 e6 6. Nf3 Be7 7. cxd5 Nxd5 8.
Bd3 O-O 9. O-O Nc6 10. Re1 Bf6 11. Be4 Nce7 12. Ne5 Bd7 13. Qd3 h6 14. Qg3 Kh8
15. Qh3 Nxc3 16. bxc3 Bxe5 17. dxe5 Bc6 18. Bxh6 Bxe4 19. Bg5+ Bh7 20. Qh4 Nf5
21. Bxd8 Nxh4 22. Bxh4 Rac8 23. Re3 Rc7 24. Rd1 Rfc8 25. f4 Rxc3 26. Rxc3 Rxc3
27. Rd8+ Bg8 28. Rd2 Bh7 29. Rd8+ Bg8 30. Rd2 Bh7 31. Kf2 Be4 32. Be7 Bd5 33.
f5 Kh7 34. f6 g5 35. h3 Kg6 36. Bb4 Rc4 37. Bd6 a5 38. a3 b5 39. Rb2 Bc6 40.
Rd2 Rc3 41. Be7 Bd5 42. Rb2 b4 43. axb4 a4 44. Bc5 a3 45. Rb1 a2 46. Ra1 Rc2+
47. Ke3 Rb2 48. Kd3 Rb1 49. Bd4 Rxb4 50. g3 Rb1 51. Bc3 Rb8 52. h4 Kf5 53. Rf1+
Kg4 54. hxg5 Rb1  0-1

[Event "2. BUNDESLIGA MITTE 2019/2020"]
[Site "Linz"]
[Date "2019.10.11"]
[Round "1"]
[Board "4"]
[White "Teuschler, Barbara"]
[Black "Koller, Hans-Juergen"]
[Result "0-1"]
[WhiteElo "2119"]
[BlackElo "2173"]
[PlyCount "76"]
[EventDate "2019.10.11"]
[EventType "team"]
[EventRounds "11"]
[EventCountry "AUT"]
[WhiteTeam "Schachfreunde Graz"]
[BlackTeam "SPG Freistadt/Wartberg"]

1. e4 d6 2. d4 Nf6 3. Nc3 c6 4. f4 Qa5 5. e5 Ne4 6. Bd2 Nxd2 7. Qxd2 Bf5 8. Bd3
Bxd3 9. Qxd3 e6 10. Nf3 Qa6 11. Qe3 Nd7 12. f5 O-O-O 13. Ng5 dxe5 14. Nxf7 exd4
15. Qxd4 Bc5 16. Qd2 Nf6 17. Nxd8 Rxd8 18. Qe2 Qb6 19. Qxe6+ Kb8 20. Qb3 Bf2+
21. Kf1 Qc5 22. Rd1 Re8 23. Ne2 Ng4 24. Rd3 Bh4 25. Rf3 Ne3+ 26. Rxe3 Rxe3 27.
Qg8+ Kc7 28. g3 Qxf5+ 29. Nf4 Bf6 30. Qf7+ Re7 31. Qc4 g5 32. Qd3 Re4 33. Kg2
gxf4 34. Rf1 Qd5 35. Qf3 Re2+ 36. Kh3 Qxf3 37. Rxf3 Be5 38. gxf4 Bf6  0-1

[Event "2. BUNDESLIGA MITTE 2019/2020"]
[Site "Linz"]
[Date "2019.10.11"]
[Round "1"]
[Board "5"]
[White "Postlmayer, Jakob"]
[Black "Eder, Matthias"]
[Result "1-0"]
[WhiteElo "2204"]
[BlackElo "2168"]
[PlyCount "116"]
[EventDate "2019.10.11"]
[EventType "team"]
[EventRounds "11"]
[EventCountry "AUT"]
[WhiteTeam "SPG Freistadt/Wartberg"]
[BlackTeam "Schachfreunde Graz"]

1. c4 Nf6 2. Nc3 g6 3. e4 d6 4. d4 Bg7 5. Nf3 O-O 6. Be2 e5 7. d5 Na6 8. O-O
Nc5 9. Qc2 a5 10. Bg5 h6 11. Be3 Ng4 12. Bxc5 dxc5 13. h3 Nf6 14. Nxe5 Nxd5 15.
cxd5 Bxe5 16. f4 Bd4+ 17. Kh2 c6 18. dxc6 bxc6 19. g3 h5 20. h4 Qd7 21. f5 Qe7
22. Kg2 Be5 23. Na4 Rb8 24. fxg6 fxg6 25. Rxf8+ Qxf8 26. Bc4+ Kh7 27. Rf1 Qe8
28. b3 Rb7 29. Nxc5 Rg7 30. Nd3 g5 31. hxg5 Rxg5 32. Nxe5 Qxe5 33. Qd3 h4 34.
Rf7+ Kh6 35. Rf3 Rxg3+ 36. Rxg3 hxg3 37. Qe3+ Kh5 38. Qxg3 Qxe4+ 39. Qf3+ Qg4+
40. Kf2 Kg5 41. Qxg4+ Bxg4 42. Ke3 Kf6 43. Kd4 Ke7 44. Kc5 Bf3 45. Kb6 Kd6 46.
Kxa5 Kc7 47. a4 Be4 48. Kb4 Bf3 49. Kc5 Be4 50. a5 Bf3 51. b4 Be4 52. Kd4 Bf3
53. Bd3 Bg2 54. Be4 Bf1 55. Kc5 Bb5 56. Bf3 Ba4 57. a6 Bb5 58. a7 Kb7  1-0